000 00901nam a2200265 i 4500
001 bg
100 1 _aDRANIEWICZ, Bartosz
245 1 0 _aPostępowania odrębne :
_bkomentarz /
_cBartosz Draniewicz, Łukasz Piebiak.
250 _aStan prawny marzec 2007.
260 _aWarszawa :
_bWydawnictwo C. H. Beck,
_c2007.
300 _aXXII, 397 s. ;
_c21 cm.
490 1 _aKrótkie Komentarze Becka
504 _aWykaz aktów prawnych s. XVII-XXII. Indeks.
650 9 _aPostępowanie cywilne
_zPolska
_ystan na 2007 r.
700 1 _aPIEBIAK, Łukasz
830 _aKrótkie Komentarze Becka
020 _a9788374835565
040 _cBPK
041 0 _apol
080 _a347.91/.95(438)(094.4)
920 _a978-83-7483-556-5
942 _cKS
008 s pl f |000 0 pol
999 _c53576
_d53576
856 _uhttp://koha.tu.koszalin.pl/cgi-bin/koha/opac-detail.pl?biblionumber=53576
_yKatalog online BPK